[Event "Women's Speed Chess Q1"]
[Site "chess.com INT"]
[Date "2021.05.28"]
[Round "9"]
[White "Mrudul, Dehankar"]
[Black "Koridze, Lile"]
[Result "1-0"]
[WhiteTitle "WIM"]
[BlackTitle "WFM"]
[WhiteElo "2256"]
[BlackElo "2016"]
[WhiteFideId "25096990"]
[BlackFideId "13612514"]
[EventDate "2021.05.28"]

1. e4 c5 2. Nf3 d6 3. d4 cxd4 4. Nxd4 Nf6 5. Nc3 Nc6 6. Bg5 e6 7. Qd2 a6 8.
O-O-O Bd7 9. f4 b5 10. Bxf6 gxf6 11. f5 h5 12. Kb1 Qb6 13. Nxc6 Bxc6 14. Ne2
Bxe4 15. Ng3 Bd5 16. Be2 h4 17. Nh5 O-O-O 18. Nf4 Bh6 19. Nxd5 exd5 20. Qxd5 Kb8
21. Bf3 Ka7 22. Qxf7+ Kb8 23. Rhe1 Rhf8 24. Qd5 Qa7 25. Re7 Rd7 26. Rxd7 Qxd7
27. Qa8+ Kc7 28. Qb7+ Kd8 29. Qb6+ Ke7 30. Bc6 Qc8 31. Qa7+ Kd8 32. Rxd6+ 1-0

[Event "Women's Speed Chess Q1"]
[Site "chess.com INT"]
[Date "2021.05.28"]
[Round "9"]
[White "Gu, Xiaobing"]
[Black "Mahalakshmi, M"]
[Result "1-0"]
[WhiteTitle "WGM"]
[BlackTitle "WIM"]
[WhiteElo "2263"]
[BlackElo "2253"]
[WhiteFideId "8602611"]
[BlackFideId "5001080"]
[EventDate "2021.05.28"]

1. e4 c6 2. d4 d5 3. exd5 cxd5 4. c4 Nf6 5. Nc3 g6 6. Bg5 Bg7 7. Bxf6 Bxf6 8.
cxd5 Qb6 9. Bb5+ Bd7 10. Bxd7+ Nxd7 11. Nge2 O-O 12. O-O Rfd8 13. Qd2 Bg7 14.
Rfe1 Nf6 15. Nf4 Qd6 16. Rad1 a6 17. g3 Rac8 18. Qe2 Rd7 19. Qe5 Qb4 20. Nd3 Qa5
21. d6 Qxe5 22. dxe5 Ne8 23. Nd5 exd6 24. Nb6 Rcd8 25. Nxd7 Rxd7 26. Nc5 Rd8 27.
Nxb7 Rb8 28. Nxd6 Nc7 29. b3 Ne6 30. Nc4 h5 31. Rd7 Ng5 32. Red1 Nf3+ 33. Kg2
Nxe5 34. Rd8+ Rxd8 35. Rxd8+ Kh7 36. Nxe5 Bxe5 37. Ra8 1-0

[Event "Women's Speed Chess Q1"]
[Site "chess.com INT"]
[Date "2021.05.28"]
[Round "9"]
[White "Kiran, Manisha Mohanty"]
[Black "Pham, Le Thao Nguyen"]
[Result "0-1"]
[WhiteTitle "WGM"]
[BlackTitle "IM"]
[WhiteElo "2168"]
[BlackElo "2369"]
[WhiteFideId "5019575"]
[BlackFideId "12401226"]
[EventDate "2021.05.28"]

1. e4 c6 2. d4 d5 3. e5 Bf5 4. h4 h5 5. c4 e6 6. Nc3 Ne7 7. Nge2 dxc4 8. Ng3 Bg6
9. Bxc4 Nf5 10. Nge4 Qxd4 11. Bg5 Qxd1+ 12. Rxd1 Nd7 13. f4 Be7 14. Rh3 Nb6 15.
Bb3 Nd5 16. Bxe7 Kxe7 17. Nc5 Rab8 18. N3e4 Rhd8 19. Rhd3 Nxh4 20. g3 Bxe4 21.
Nxe4 Nf5 22. Kf2 Nb4 23. Rxd8 Rxd8 24. Rh1 g6 25. a3 Rd4 26. axb4 Rxe4 27. b5
cxb5 28. Bc2 Rb4 29. b3 Nd4 30. Be4 Rxb3 31. Rc1 Nc6 32. Bxc6 bxc6 33. Rxc6 a5
34. Ra6 a4 35. Kg2 a3 36. Kh3 b4 37. Kh4 Rb2 38. Kg5 a2 39. Ra7+ Ke8 40. Kf6 b3
41. Ra8+ Kd7 42. Kxf7 Rb1 43. Ra7+ Kc6 44. Kxe6 a1=Q 45. Rxa1 Rxa1 46. Kf6 b2
47. Kxg6 b1=Q+ 48. Kxh5 Qf5+ 49. Kh4 Rh1# 0-1

[Event "Women's Speed Chess Q1"]
[Site "chess.com INT"]
[Date "2021.05.28"]
[Round "9"]
[White "Dworakowska, Joanna"]
[Black "Dhyana, Patel"]
[Result "0-1"]
[WhiteTitle "IM"]
[BlackTitle "WFM"]
[WhiteElo "2322"]
[BlackElo "1947"]
[WhiteFideId "1107445"]
[BlackFideId "35006908"]
[EventDate "2021.05.28"]

1. e4 c5 2. Nf3 Nc6 3. d4 cxd4 4. Nxd4 g6 5. c4 Bg7 6. Nc2 d6 7. Be2 Nf6 8. Nc3
O-O 9. O-O Be6 10. Be3 Nd7 11. Rc1 Bxc3 12. bxc3 Qa5 13. Nd4 Nc5 14. Qc2 Qa4 15.
Qxa4 Nxa4 16. Nb3 Kg7 17. f4 b6 18. f5 Bd7 19. Rfd1 Ne5 20. Bf4 f6 21. Bxe5 fxe5
22. g4 Bc6 23. Nd2 Nc5 24. Bf3 h5 25. h3 Rh8 26. gxh5 gxf5 27. exf5 Bxf3 28.
Nxf3 Rxh5 29. Kf2 Kf6 30. Ke3 Rxh3 31. Rh1 Rah8 32. Rxh3 Rxh3 33. Ke2 Ne4 34. a4
Kxf5 35. a5 bxa5 36. Rf1 Ng3+ 0-1

[Event "Women's Speed Chess Q1"]
[Site "chess.com INT"]
[Date "2021.05.28"]
[Round "9"]
[White "Gevorgyan, Maria"]
[Black "Avramidou, Anastasia"]
[Result "1-0"]
[WhiteTitle "WGM"]
[BlackTitle "FM"]
[WhiteElo "2219"]
[BlackElo "2238"]
[WhiteFideId "13300270"]
[BlackFideId "4239873"]
[EventDate "2021.05.28"]

1. e4 e6 2. d4 d5 3. Bd3 dxe4 4. Bxe4 Nf6 5. Bf3 Nbd7 6. Ne2 c5 7. Be3 Be7 8.
Nbc3 O-O 9. dxc5 Bxc5 10. Bxc5 Nxc5 11. Qxd8 Rxd8 12. O-O e5 13. Ng3 Bg4 14.
Bxg4 Nxg4 15. Rfe1 f6 16. Rad1 Nh6 17. Nb5 a6 18. Nc3 Kf7 19. Nf1 Nf5 20. Nd5
Nd4 21. Nb6 Rab8 22. Ne3 Nc6 23. Nf5 g6 24. Nd6+ Ke6 25. Ndc4 Rxd1 26. Rxd1 Rd8
27. Rxd8 Nxd8 28. Kf1 f5 29. Ke2 Nf7 30. f3 e4 31. b4 exf3+ 32. Kxf3 Ne4 33. Na5
Ne5+ 34. Ke3 Ng4+ 35. Kd4 Nxh2 36. Nxb7 Nf1 37. c4 h5 38. c5 Nf6 39. c6 Ne8 40.
Nd5 h4 41. c7 Kd7 42. Nc5+ 1-0

[Event "Women's Speed Chess Q1"]
[Site "chess.com INT"]
[Date "2021.05.28"]
[Round "9"]
[White "Zakirova, Aisha"]
[Black "Balabayeva, Xeniya"]
[Result "1-0"]
[WhiteTitle "WCM"]
[BlackTitle "WFM"]
[WhiteElo "1585"]
[BlackElo "2178"]
[WhiteFideId "13719734"]
[BlackFideId "13719688"]
[EventDate "2021.05.28"]

1. d4 Nf6 2. c4 e6 3. Nf3 Bb4+ 4. Nbd2 d5 5. a3 Bxd2+ 6. Bxd2 dxc4 7. Qa4+ Nbd7
8. Qxc4 O-O 9. g3 b6 10. Bg2 Bb7 11. O-O Rc8 12. Rac1 c5 13. Bg5 h6 14. Bf4 Qe7
15. Rfd1 Bd5 16. Qa4 cxd4 17. Ne5 Nc5 18. Qb4 Qb7 19. Bh3 Nb3 20. Rxc8 Rxc8 21.
Ng4 Nxg4 22. Bxg4 a5 23. Qb5 f5 24. Bh5 Bc4 25. Qe5 Rc5 26. Qd6 Rd5 27. Qxe6+
Kh7 28. Bg6+ Kh8 29. Qe8# 1-0

[Event "Women's Speed Chess Q1"]
[Site "chess.com INT"]
[Date "2021.05.28"]
[Round "9"]
[White "Obregon Garcia, Roxangel"]
[Black "Adam, Ernestina"]
[Result "1-0"]
[WhiteTitle "WIM"]
[BlackTitle "WCM"]
[WhiteElo "2167"]
[BlackElo "1354"]
[WhiteFideId "3520420"]
[BlackFideId "165883"]
[EventDate "2021.05.28"]

1. e4 c6 2. d4 d5 3. e5 Bf5 4. Nf3 e6 5. Be2 Ne7 6. c3 Bg6 7. Na3 Nf5 8. Nc2 Be7
9. O-O Nd7 10. Ne3 c5 11. Nxf5 Bxf5 12. c4 dxc4 13. Bxc4 O-O 14. Be3 Nb6 15. Bd3
Bxd3 16. Qxd3 cxd4 17. Bxd4 Bc5 18. Rfd1 Bxd4 19. Nxd4 Nd5 20. Nb5 Qg5 21. Qe4
Nf4 22. Rd4 Nd5 23. Nd6 a5 24. f4 Qg6 25. f5 Qg5 26. Re1 Ra6 27. Rd3 Nb4 28. Rg3
Qd2 29. Rf1 Qd5 30. Rxg7+ Kxg7 31. Qg4+ Kh8 32. f6 Qd4+ 33. Qxd4 h5 34. Qh4 Kg8
35. Qg5+ 1-0

[Event "Women's Speed Chess Q1"]
[Site "chess.com INT"]
[Date "2021.05.28"]
[Round "9"]
[White "Harika, Dronavalli"]
[Black "Paehtz, Elisabeth"]
[Result "1-0"]
[WhiteTitle "GM"]
[BlackTitle "IM"]
[WhiteElo "2515"]
[BlackElo "2456"]
[WhiteFideId "5015197"]
[BlackFideId "4641833"]
[EventDate "2021.05.28"]

1. Nf3 Nf6 2. g3 g6 3. b3 Bg7 4. Bb2 d6 5. d4 O-O 6. Bg2 Ne4 7. O-O c5 8. c4 Nc6
9. e3 Bg4 10. Qc1 cxd4 11. Nxd4 Nxd4 12. exd4 Nf6 13. Bxb7 d5 14. Bxa8 Qxa8 15.
c5 Qc8 16. Qe3 Bh3 17. Nd2 Qf5 18. Rfe1 Ng4 19. Qf3 Qc2 20. Bc3 e5 21. Rec1 Qf5
22. Qxf5 gxf5 23. Nf3 Bh6 24. Bd2 f4 25. Nxe5 fxg3 26. Nxg4 Bxd2 27. Nf6+ Kg7
28. Nh5+ Kg6 29. Nxg3 Bxc1 30. Rxc1 Rb8 31. f3 Rb4 32. Ne2 Bc8 33. Kf2 Kf5 34.
Ke3 a5 35. Nc3 Ke6 36. Na4 Bd7 37. Nb6 Bc6 38. Rc3 a4 39. bxa4 Rb2 40. Ra3 f5
41. a5 Bb5 42. a6 Kf6 43. a7 Kg5 44. h4+ Kxh4 45. Kf4 1-0

[Event "Women's Speed Chess Q1"]
[Site "chess.com INT"]
[Date "2021.05.28"]
[Round "9"]
[White "Kabanova, Ekaterina"]
[Black "Morris-Suzuki, Sophie"]
[Result "0-1"]
[WhiteTitle "WFM"]
[BlackTitle "WFM"]
[WhiteElo "2138"]
[BlackElo "2043"]
[WhiteFideId "24112917"]
[BlackFideId "30922615"]
[EventDate "2021.05.28"]

1. c4 e6 2. e3 Nf6 3. a3 c5 4. Nf3 b6 5. Qc2 Bb7 6. Be2 d6 7. b3 Be7 8. Bb2 O-O
9. h4 Nbd7 10. Nc3 Ne5 11. Ng5 Re8 12. f4 Ng6 13. h5 Nf8 14. O-O-O d5 15. cxd5
exd5 16. Kb1 d4 17. Nce4 h6 18. Nxf6+ Bxf6 19. Nf3 Qe7 20. Bd3 dxe3 21. dxe3
Bxb2 22. Qxb2 Qxe3 23. Ne5 Qxf4 24. Rde1 Qd4 25. Bc4 Be4+ 26. Rxe4 Qxe4+ 27. Nd3
Rad8 28. Rh3 Ne6 29. Rf3 Ng5 30. Rg3 Qd4 31. Qc1 Re2 32. Nf4 Rd2 33. Rd3 Rxd3
34. Nxd3 Ne4 35. Qe1 b5 36. Bxb5 Nc3+ 37. Kc2 Nxb5 0-1

[Event "Women's Speed Chess Q1"]
[Site "chess.com INT"]
[Date "2021.05.28"]
[Round "9"]
[White "Sviridova, Vlada"]
[Black "Cori T., Deysi"]
[Result "0-1"]
[WhiteTitle "WFM"]
[BlackTitle "WGM"]
[WhiteElo "2144"]
[BlackElo "2388"]
[WhiteFideId "24109606"]
[BlackFideId "3801934"]
[EventDate "2021.05.28"]

1. d4 Nf6 2. c4 e6 3. Nf3 Bb4+ 4. Bd2 Qe7 5. g3 O-O 6. Bg2 Nc6 7. O-O h6 8. Bc1
b6 9. a3 Bd6 10. b4 a5 11. c5 axb4 12. cxd6 cxd6 13. Bb2 bxa3 14. Bxa3 Bb7 15.
Nc3 Na5 16. Nd2 Bxg2 17. Kxg2 Rfc8 18. Nb5 Nb7 19. Qb3 e5 20. Nc4 exd4 21. Nxb6
Rc3 22. Nxc3 dxc3 23. Nxa8 Qe4+ 24. Kg1 Nd8 25. Bxd6 Ne6 26. f3 Qd4+ 27. Kg2 Nd5
28. Rf2 Ne3+ 29. Kg1 c2 30. Re1 Nd1 31. e3 Nxe3 32. Qxc2 Nxc2 0-1

[Event "Women's Speed Chess Q1"]
[Site "chess.com INT"]
[Date "2021.05.28"]
[Round "9"]
[White "Vaishali, R"]
[Black "Assaubayeva, Bibisara"]
[Result "0-1"]
[WhiteTitle "WGM"]
[BlackTitle "IM"]
[WhiteElo "2393"]
[BlackElo "2381"]
[WhiteFideId "5091756"]
[BlackFideId "13708694"]
[EventDate "2021.05.28"]

1. e4 c5 2. Nf3 d6 3. d4 cxd4 4. Nxd4 Nf6 5. Nc3 a6 6. f4 e5 7. Nf3 Nbd7 8. g4
Nxg4 9. Bc4 exf4 10. Bxf4 Nb6 11. Bb3 Be7 12. Qe2 Ne5 13. O-O-O Qc7 14. Rhg1 g6
15. Nxe5 dxe5 16. Be3 Be6 17. Qf2 Nc4 18. Bh6 Rc8 19. Nd5 Qc5 20. Nf6+ Bxf6 21.
Qxf6 Rg8 22. Rgf1 Nxb2 23. Bg5 Nxd1 24. Rxd1 Qc7 25. Bxe6 Qxc2# 0-1

[Event "Women's Speed Chess Q1"]
[Site "chess.com INT"]
[Date "2021.05.28"]
[Round "9"]
[White "Varshini, V"]
[Black "Vo, Thi Kim Phung"]
[Result "1-0"]
[WhiteTitle "WGM"]
[BlackTitle "WGM"]
[WhiteElo "2226"]
[BlackElo "2335"]
[WhiteFideId "5091241"]
[BlackFideId "12401838"]
[EventDate "2021.05.28"]

1. e4 e6 2. d4 d5 3. e5 c5 4. c3 Nc6 5. Nf3 Bd7 6. a3 c4 7. Be2 Na5 8. Nbd2 Rc8
9. O-O Nh6 10. Qe1 Be7 11. Bd1 Nf5 12. Bc2 O-O 13. Qe2 Qe8 14. Re1 Ba4 15. Bb1
h6 16. Nf1 Nb3 17. Ra2 Nxc1 18. Rxc1 Bd7 19. Ra1 b5 20. Qc2 g6 21. Qd2 Kg7 22.
Ne3 Nxe3 23. fxe3 a5 24. e4 Bc6 25. Qe2 dxe4 26. Bxe4 Bxe4 27. Qxe4 Qc6 28. Nd2
Bg5 29. Qxc6 Rxc6 30. Rd1 Bxd2 31. Rxd2 Rd8 32. Rad1 Rd5 33. Kf2 Rb6 34. Rc1 Rb7
35. Ke3 Rbd7 36. a4 Rb7 37. axb5 Rdxb5 38. Rcc2 Rb3 39. Ke2 a4 40. Kd1 a3 41.
bxa3 Rxa3 42. Rf2 Rb1+ 43. Kd2 Rba1 44. h3 R1a2 45. Ke3 Ra1 46. Kd2 Kf8 47. Rb2
R1a2 48. Rxa2 Rxa2+ 49. Ke3 Ra3 50. Rc2 Kg7 51. Ke4 g5 52. d5 exd5+ 53. Kxd5 Ra4
54. Re2 Kg6 55. Re4 Kf5 56. g4+ Kg6 57. Rxc4 Ra5+ 58. Ke4 Ra1 59. Rd4 Rh1 60.
Rd3 h5 61. gxh5+ Kxh5 62. c4 Ra1 63. c5 Ra4+ 64. Kd5 Ra8 65. c6 Rd8+ 66. Kc4 Rc8
67. Kc5 Kg6 68. Kb6 Rb8+ 69. Kc7 Rb1 70. Kd7 1-0

[Event "Women's Speed Chess Q1"]
[Site "chess.com INT"]
[Date "2021.05.28"]
[Round "9"]
[White "Berend, Elvira"]
[Black "Kulkarni, Bhakti"]
[Result "1-0"]
[WhiteTitle "WGM"]
[BlackTitle "IM"]
[WhiteElo "2326"]
[BlackElo "2391"]
[WhiteFideId "4000510"]
[BlackFideId "5019516"]
[EventDate "2021.05.28"]

1. e4 c6 2. d4 g6 3. Nc3 d5 4. h3 Bg7 5. Nf3 Nh6 6. Bd3 O-O 7. O-O f6 8. Re1 Nf7
9. e5 fxe5 10. Nxe5 Nxe5 11. dxe5 Bf5 12. e6 Qb6 13. Qe2 Bd4 14. Nd1 Na6 15.
Bxf5 Rxf5 16. c3 Bg7 17. Be3 c5 18. Bd2 Raf8 19. f4 Nc7 20. Kh1 R5f6 21. Qd3
Rxe6 22. Ne3 Rd6 23. f5 c4 24. Qc2 Kh8 25. fxg6 Rxg6 26. Nf5 Qf2 27. Ne3 Rg8 28.
Rf1 Qg3 29. Rf3 Qe5 30. Ng4 Qh5 31. Rf5 Qh4 32. Be1 Rxg4 33. Bxh4 Rxh4 34. Raf1
Bf6 35. Qe2 Re4 36. Qh5 Rg6 37. R5f2 Kg7 38. Qf5 Re6 39. Qf4 Rd6 40. Qe3 d4 41.
cxd4 Nd5 42. Qe4 b6 43. a3 c3 44. bxc3 Nxc3 45. Qb7 Rxd4 46. Rxf6 Rxf6 47. Qxe7+ 1-0

[Event "Women's Speed Chess Q1"]
[Site "chess.com INT"]
[Date "2021.05.28"]
[Round "9"]
[White "Vantika, Agrawal"]
[Black "Kazarian, Anna-Maja"]
[Result "1-0"]
[WhiteTitle "WIM"]
[BlackTitle "FM"]
[WhiteElo "2286"]
[BlackElo "2096"]
[WhiteFideId "25050389"]
[BlackFideId "1033689"]
[EventDate "2021.05.28"]

1. d4 d5 2. c4 e6 3. Nf3 Nf6 4. g3 Bb4+ 5. Nbd2 dxc4 6. Bg2 c3 7. bxc3 Bxc3 8.
Rb1 O-O 9. O-O Bxd4 10. Ba3 Re8 11. Nxd4 Qxd4 12. Qc2 c6 13. Nc4 Ng4 14. e3 Qf6
15. h3 Nh6 16. Nd6 Rd8 17. Rfd1 Nd7 18. Nxb7 Bxb7 19. Rxb7 Nb6 20. Be7 Rxd1+ 21.
Qxd1 Qc3 22. Rxa7 Re8 23. e4 Kh8 24. Bg5 Ng8 25. Rxf7 h6 26. Be3 Qb4 27. Qg4 Qb2
28. Bxb6 Nf6 29. Qxg7# 1-0

[Event "Women's Speed Chess Q1"]
[Site "chess.com INT"]
[Date "2021.05.28"]
[Round "9"]
[White "Tarini, Goyal"]
[Black "Pujari, Rucha"]
[Result "1-0"]
[WhiteTitle "WFM"]
[BlackTitle "WIM"]
[WhiteElo "2164"]
[BlackElo "2244"]
[WhiteFideId "5082749"]
[BlackFideId "5024528"]
[EventDate "2021.05.28"]

1. d4 d5 2. c4 e6 3. Nf3 Nf6 4. Nc3 Be7 5. g3 O-O 6. Bg2 c6 7. O-O Nbd7 8. Qb3
b6 9. Bf4 Ba6 10. cxd5 cxd5 11. Nb5 Ne4 12. Rfe1 g5 13. Bc7 Qe8 14. Rac1 f5 15.
a4 Qh5 16. Ne5 Bxb5 17. Qxb5 Nxe5 18. Bxe5 Nf6 19. Rc7 Bd8 20. Rc6 Ng4 21. Rxe6
Qxh2+ 22. Kf1 f4 23. Qd7 Ne3+ 24. fxe3 fxg3+ 25. Bf4 gxf4 26. Re8 Bg5 27. Qxd5+
Kh8 28. Qe5+ Bf6 29. Qxf6+ Kg8 30. Qg5+ Kh8 31. Qe5+ Kg8 32. Rxf8+ Rxf8 33. exf4
h5 34. Rc1 Qh4 35. Rc7 Rxf4+ 36. Ke1 1-0

[Event "Women's Speed Chess Q1"]
[Site "chess.com INT"]
[Date "2021.05.28"]
[Round "9"]
[White "Osmak, Iulija"]
[Black "Arakhamia-Grant, Ketevan"]
[Result "1-0"]
[WhiteTitle "IM"]
[BlackTitle "GM"]
[WhiteElo "2425"]
[BlackElo "2380"]
[WhiteFideId "14101602"]
[BlackFideId "13600168"]
[EventDate "2021.05.28"]

1. e4 c5 2. b3 Nc6 3. Bb2 e5 4. Bc4 Nf6 5. Nc3 Be7 6. Nge2 d6 7. O-O Be6 8. d3
d5 9. exd5 Nxd5 10. Nxd5 Bxd5 11. f4 Bf6 12. fxe5 Bxe5 13. Bxe5 Nxe5 14. Bb5+
Bc6 15. Bxc6+ Nxc6 16. Nf4 O-O 17. Qh5 Qd4+ 18. Kh1 Rae8 19. Rad1 Re5 20. Qf3
Re3 21. Qf2 Re7 22. Qh4 Rfe8 23. h3 h6 24. Qg3 Qe5 25. Rf2 Nd4 26. Rdf1 Nf5 27.
Qf3 Nd4 28. Qg4 Qg5 29. Qxg5 hxg5 30. Nd5 Re5 31. Nc3 f6 32. Ne4 b6 33. a4 R8e7
34. a5 bxa5 35. Ra1 Nc6 36. Ra4 Rd5 37. Rxf6 Rxe4 38. Rxc6 Rxa4 39. bxa4 Rd4 40.
Rxc5 Rxa4 41. Rxg5 Ra2 42. c4 1-0

[Event "Women's Speed Chess Q1"]
[Site "chess.com INT"]
[Date "2021.05.28"]
[Round "9"]
[White "Chaves, Joara"]
[Black "Frattini, Beatriz Maria"]
[Result "0-1"]
[WhiteTitle "WIM"]
[BlackTitle "WCM"]
[WhiteElo "1901"]
[BlackElo "1854"]
[WhiteFideId "2100622"]
[BlackFideId "22715002"]
[EventDate "2021.05.28"]

1. e4 c5 2. Nc3 d6 3. Bb5+ Nc6 4. f4 g6 5. Nf3 Bg7 6. Bxc6+ bxc6 7. d3 Nf6 8.
O-O O-O 9. Qe1 Rb8 10. Qh4 d5 11. f5 dxe4 12. dxe4 Ba6 13. Rd1 Qc8 14. fxg6 hxg6
15. h3 Rd8 16. e5 Rxd1+ 17. Nxd1 Nd5 18. Ng5 Qf5 19. e6 Qf1+ 20. Kh2 Be5+ 21. g3
Qe2+ 22. Kh1 Qxd1+ 23. Kh2 Nf6 24. exf7+ Kg7 25. Bf4 Qxc2+ 26. Kh1 Bxf4 27. Ne6+
Kxf7 28. Nxf4 Rxb2 0-1

[Event "Women's Speed Chess Q1"]
[Site "chess.com INT"]
[Date "2021.05.28"]
[Round "9"]
[White "Padmini, Rout"]
[Black "Martynkova, Olena"]
[Result "1-0"]
[WhiteTitle "IM"]
[BlackTitle "WIM"]
[WhiteElo "2370"]
[BlackElo "2195"]
[WhiteFideId "5029295"]
[BlackFideId "14134039"]
[EventDate "2021.05.28"]

1. e4 e5 2. Nf3 Nc6 3. Bc4 Bc5 4. O-O Nf6 5. d3 d6 6. c3 Bb6 7. Bb3 h6 8. Nbd2
O-O 9. Re1 a6 10. Nf1 Be6 11. d4 Bxb3 12. axb3 exd4 13. cxd4 Re8 14. Ng3 Qd7 15.
h3 Rad8 16. Bf4 Nb4 17. Qd2 c5 18. Bxh6 Nh7 19. Bf4 Qb5 20. Rad1 cxd4 21. Nf5
Bc5 22. N3xd4 Qb6 23. Kh1 Nc6 24. Nxc6 Qxc6 25. Qc3 Nf6 26. Bh6 Bxf2 27. Qf3
Bxe1 28. Bxg7 Qxe4 29. Bxf6 Qxf3 30. gxf3 Rd7 31. Rd4 Kh7 32. Kg2 Rg8+ 33. Kf1
Rg6 34. Be7 Bg3 35. h4 Be5 36. Re4 Re6 37. Bg5 Bf6 38. Rg4 Bxg5 39. hxg5 Rg6 40.
f4 d5 41. Nh4 Rb6 42. Nf3 Rxb3 43. Rh4+ Kg8 44. Ne5 Re7 45. Ng4 1-0

[Event "Women's Speed Chess Q1"]
[Site "chess.com INT"]
[Date "2021.05.28"]
[Round "9"]
[White "Kanyamarala, Trisha"]
[Black "Varney, Zoe"]
[Result "1-0"]
[WhiteTitle "WIM"]
[BlackTitle "WCM"]
[WhiteElo "2180"]
[BlackElo "1917"]
[WhiteFideId "45004722"]
[BlackFideId "436135"]
[EventDate "2021.05.28"]

1. e4 e5 2. Nf3 Nc6 3. Bc4 Nf6 4. c3 d5 5. exd5 Nxd5 6. O-O Be7 7. Re1 Bg4 8. d3
O-O 9. h3 Bxf3 10. Qxf3 Nb6 11. Bb3 Qd6 12. Na3 a6 13. Rd1 Rad8 14. Be3 Nd5 15.
Nc4 Qf6 16. Qe2 Rfe8 17. Nd2 Nf4 18. Bxf4 exf4 19. Ne4 Qg6 20. d4 Bh4 21. Re1
Kh8 22. Qf3 f5 23. Nc5 b6 24. Ne6 Re7 25. Qxc6 Rde8 26. Qf3 a5 27. d5 c6 28. c4
cxd5 29. cxd5 b5 30. d6 Ra7 31. Rad1 a4 32. Bd5 b4 33. Bc6 Rxe6 34. Rxe6 Qxe6
35. d7 Qd6 36. Rxd6 1-0

[Event "Women's Speed Chess Q1"]
[Site "chess.com INT"]
[Date "2021.05.28"]
[Round "9"]
[White "Von Herman, Brigitte"]
[Black "Bommini, Mounika Akshaya"]
[Result "1-0"]
[WhiteTitle "WFM"]
[BlackTitle "WFM"]
[WhiteElo "1991"]
[BlackElo "2029"]
[WhiteFideId "4628730"]
[BlackFideId "25019872"]
[EventDate "2021.05.28"]

1. e4 e5 2. Nf3 Nc6 3. Bc4 Nf6 4. d3 h6 5. c3 d6 6. Nbd2 g5 7. Nf1 Bg7 8. Be3
Ne7 9. Ng3 Ng6 10. Qb3 O-O 11. O-O-O c6 12. d4 Qe7 13. Nf5 Bxf5 14. exf5 Nf4 15.
Bxf4 exf4 16. Rde1 Qd7 17. Bd3 Rfe8 18. g3 g4 19. Nd2 f3 20. Qd1 c5 21. dxc5
dxc5 22. Bc2 Rad8 23. h3 Rxe1 24. Qxe1 Qd5 25. Bb3 Qxf5 26. Qe7 Rd7 27. Bxf7+
Kh7 28. Be6 Qe5 29. Bg8+ Nxg8 30. Qxd7 Nf6 31. Qd3+ Kg8 32. hxg4 Qe6 33. Qc4 Nd5
34. Nxf3 Kh8 35. Re1 Qf7 36. Qe4 Nf6 37. Qe6 Qg6 38. Qf5 Qf7 39. Re6 Qf8 40. Ne5 1-0

[Event "Women's Speed Chess Q1"]
[Site "chess.com INT"]
[Date "2021.05.28"]
[Round "9"]
[White "Vargas, Gabriela"]
[Black "Chu, Ruotong"]
[Result "1-0"]
[WhiteTitle "WIM"]
[BlackTitle "WIM"]
[WhiteElo "2170"]
[BlackElo "2207"]
[WhiteFideId "3700860"]
[BlackFideId "8605653"]
[EventDate "2021.05.28"]

1. d4 d5 2. Nf3 Nf6 3. Bg5 h6 4. Bh4 Bf5 5. e3 e6 6. Bd3 Bxd3 7. Qxd3 Nbd7 8.
O-O c5 9. c4 cxd4 10. exd4 Qc7 11. cxd5 Nxd5 12. Nc3 Nxc3 13. bxc3 Bd6 14. c4 b6
15. Rfe1 O-O 16. Rac1 Rac8 17. Red1 Bf4 18. Rc2 Rfe8 19. Qe4 Bd6 20. Qd3 Nf8 21.
Bg3 Bxg3 22. hxg3 Red8 23. Qe2 Ng6 24. c5 bxc5 25. dxc5 Rxd1+ 26. Qxd1 Ne7 27.
Qd4 Rd8 28. Qa4 Nc6 29. Rc1 Rd5 30. Qb5 Kh7 31. a4 g5 32. Nh2 h5 33. Nf1 h4 34.
Ne3 Nd4 35. Qb1+ Rf5 36. Nxf5 exf5 37. gxh4 Ne2+ 38. Kf1 Nxc1 39. Qxc1 gxh4 40.
Qc2 Kg6 41. c6 Kf6 42. Qc5 1-0

[Event "Women's Speed Chess Q1"]
[Site "chess.com INT"]
[Date "2021.05.28"]
[Round "9"]
[White "Komiagina, Maria"]
[Black "Rakshitta, Ravi"]
[Result "0-1"]
[WhiteTitle "WIM"]
[BlackTitle "WIM"]
[WhiteElo "2241"]
[BlackElo "2190"]
[WhiteFideId "4153987"]
[BlackFideId "25073230"]
[EventDate "2021.05.28"]

1. e4 e5 2. Nf3 Nc6 3. Bb5 f5 4. d3 fxe4 5. dxe4 Nf6 6. Qe2 d6 7. Nc3 a6 8. Ba4
b5 9. Bb3 Na5 10. Bg5 Nxb3 11. axb3 Be6 12. O-O Be7 13. Rfd1 O-O 14. Nxe5 Qe8
15. Nd3 Qg6 16. Nf4 Qf7 17. Nxe6 Qxe6 18. f3 c6 19. Re1 Nd7 20. Bxe7 Qxe7 21.
Rad1 Qf6 22. Qd2 Ne5 23. Qxd6 Qg5 24. Kh1 Ng6 25. Qd2 Qh5 26. Qe3 Rf4 27. Qf2
Ne5 28. Ne2 Rf7 29. Qg3 Raf8 30. f4 Ng4 31. f5 Rf6 32. h3 Nh6 33. Nf4 Qf7 34.
Ne6 Re8 35. Ng5 Qe7 36. Rf1 Nf7 37. Nxf7 Qxf7 38. Qf4 Qe7 39. Rfe1 g6 40. g4 Rf7
41. Kg2 Qc5 42. c3 Rfe7 43. Kf3 Kh8 44. Rd4 gxf5 45. gxf5 Rg7 46. h4 Reg8 0-1

[Event "Women's Speed Chess Q1"]
[Site "chess.com INT"]
[Date "2021.05.28"]
[Round "9"]
[White "Shuvalova, Polina"]
[Black "Agrest, Inna"]
[Result "1-0"]
[WhiteTitle "IM"]
[BlackTitle "WIM"]
[WhiteElo "2484"]
[BlackElo "2285"]
[WhiteFideId "24171760"]
[BlackFideId "1708830"]
[EventDate "2021.05.28"]

1. e4 e5 2. Nf3 Nc6 3. Bb5 a6 4. Ba4 Nf6 5. O-O b5 6. Bb3 Bc5 7. c3 d6 8. a4 Rb8
9. d4 Bb6 10. a5 Ba7 11. Be3 O-O 12. h3 h6 13. Nbd2 exd4 14. cxd4 Re8 15. Qc1
Nb4 16. Qc3 c5 17. dxc5 dxc5 18. Bxc5 Bxc5 19. Qxc5 Nd3 20. Qe3 Bb7 21. e5 Nxb2
22. Bxf7+ Kxf7 23. Qb3+ Nd5 24. Qxb2 Kg8 25. Nb3 Qe7 26. Rfe1 Nf4 27. Re3 Rbd8
28. Qc2 Rf8 29. Rd1 Rxd1+ 30. Qxd1 Qf7 31. Nbd4 Qg6 32. Nh4 Qg5 33. Qg4 Rd8 34.
Qxg5 hxg5 35. Nhf3 Nd5 36. Rb3 Nf4 37. Kh2 Bd5 38. Re3 Bc4 39. e6 Re8 40. Nxg5
Nd5 41. Re1 Nf4 42. g3 Nd5 43. Ne4 1-0